LEADER 01145nam0-22003851i-450- 001 990003848680403321 005 20081215173230.0 035 $a000384868 035 $aFED01000384868 035 $a(Aleph)000384868FED01 035 $a000384868 100 $a20030910d1981----km-y0itay50------ba 101 0 $aita 102 $aIT 200 1 $aElettronica come sfida$fRoberto Bellini...[et al.]$ga cura di Mario Grasso$gprefazione di Piero Bolchini 210 $aMilano$cFranco Angeli$dİ1981 215 $a249 p.$cill.$d22 cm 225 1 $aCollana del CDRL - Centro documentazione e ricerche per la Lombardia$v3 610 0 $aIndustria elettronica 610 0 $aTecnologia$aAspetti sociali 676 $aG/1.4 676 $aH/2.2243 676 $a306.46 700 1$aBellini,$bRoberto$0144865 702 1$aGrasso,$bMario 801 0$aIT$bUNINA$gRICA$2UNIMARC 901 $aBK 912 $a990003848680403321 952 $aH/2.2243 BEL$b11241/I$fSES 952 $a10 I 119$b455 DIS$fDINEL 952 $a10 I 119B$b11780$fDINEL 959 $aSES 959 $aDINEL 996 $aElettronica come sfida$9515267 997 $aUNINA LEADER 01389nam 2200421I 450 001 9910711412003321 005 20181019080026.0 035 $a(CKB)5470000002483925 035 $a(OCoLC)1057410181 035 $a(EXLCZ)995470000002483925 100 $a20181019j201808 ua 0 101 0 $aeng 135 $aurmn||||||||| 181 $ctxt$2rdacontent 182 $cc$2rdamedia 183 $acr$2rdacarrier 200 10$aUncertainty in inverted pendulum thrust measurements /$fJonathan A. Mackey [and four others] 210 1$aCleveland, Ohio :$cNational Aeronautics and Space Administration, Glenn Research Center,$dAugust 2018. 215 $a1 online resource (17 pages) $ccolor illustrations 225 1 $aNASA/TM ;$v2018-219952 300 $a"August 2018." 320 $aIncludes bibliographical references (pages 16-17). 606 $aElectric propulsion$2nasat 606 $aPendulums$2nasat 606 $aThrust measurement$2nasat 606 $aCalibrating$2nasat 615 7$aElectric propulsion. 615 7$aPendulums. 615 7$aThrust measurement. 615 7$aCalibrating. 700 $aMackey$b Jonathan A.$01421572 712 02$aNASA Glenn Research Center, 801 0$bGPO 801 1$bGPO 906 $aBOOK 912 $a9910711412003321 996 $aUncertainty in inverted pendulum thrust measurements$93543218 997 $aUNINA LEADER 02044nam 2200517 450 001 9910809324803321 005 20230814224329.0 010 $a3-0356-1470-9 010 $a3-0356-1474-1 024 7 $a10.1515/9783035614749 035 $a(CKB)4100000006520084 035 $a(MiAaPQ)EBC5754692 035 $a(DE-B1597)486892 035 $a(OCoLC)1054879514 035 $a(DE-B1597)9783035614749 035 $a(Au-PeEL)EBL5754692 035 $a(EXLCZ)994100000006520084 100 $a20190516d2018 uy 0 101 0 $ager 135 $aurcnu|||||||| 181 $ctxt$2rdacontent 182 $cc$2rdamedia 183 $acr$2rdacarrier 200 10$aArchitektur und Modellbau $eKonzepte, Methoden, Materialien /$fAlexander Schilling 210 1$aBasel :$cBirkha?user,$d[2018] 210 4$dİ2018 215 $a1 online resource (207 pages) $cillustrations 311 $a3-0356-1477-6 320 $aIncludes bibliographical references (page 201). 327 $aHistorischer Kontext -- Darstellung der Architektur -- Typologie -- Funktion -- Modellbaustelle -- Pra?sentation und Betrachtung -- Ausblick. 330 0 $aDas Architekturmodell ist ein Arbeits- und Entwurfswerkzeug und Teil der Architekturdarstellung wie die Pra?sentationszeichnung. Mit seiner Hilfe wird Architektur erfunden und entwickelt. Mit einfachen Mitteln wie Pappe ko?nnen schnell Proportionen und Raumzusammenha?nge u?berpru?ft werden. Keine andere Darstellungsform ermo?glicht die sinnlich-haptische Wahrnehmung von Raum und Architektur, ihrer Oberfla?chen und ihrer Plastizita?t. 606 $aArchitectural models 610 $adesign. 610 $amodel building. 610 $amodel making. 610 $apresentation. 615 0$aArchitectural models. 676 $a720.22 700 $aSchilling$b Alexander$f1976-$01596330 801 0$bMiAaPQ 801 1$bMiAaPQ 801 2$bMiAaPQ 906 $aBOOK 912 $a9910809324803321 996 $aArchitektur und Modellbau$93983806 997 $aUNINA